[Event "Voronezh op-B 19th"]
[Site "Voronezh"]
[Date "2015.06.18"]
[Round "6"]
[White "Ajrapetian, Nikita"]
[Black "Ashid, Tsetsegulzii"]
[Result "1/2-1/2"]
[WhiteElo "1963"]
[BlackElo "1712"]
[PlyCount "108"]
[EventDate "2015.06.12"]
[EventType "swiss"]
[EventRounds "9"]
[EventCountry "RUS"]
[SourceTitle "CBM 167 Extra"]
[Source "ChessBase"]
[SourceDate "2015.09.14"]
[SourceVersion "1"]
[SourceVersionDate "2015.09.14"]
[SourceQuality "1"]

1. d4 d5 2. Nf3 e6 3. c4 c6 4. e3 Nf6 5. Nc3 Nbd7 6. b3 Bb4 7. Bd2 0-0 8. Bd3 Qe7 9. 0-0 e5 10. dxe5 Nxe5 11. Nxe5 Qxe5 12. f4 Qe7 13. Qc2 dxc4 14. bxc4 Re8 15. Rae1 Bxc3 16. Bxc3 Ne4 17. Be5 f5 18. Bxe4 fxe4 19. Qxe4 Rf8 20. Rd1 Bf5 21. Qf3 Rad8 22. e4 Be6 23. Qc3 Rxd1 24. Rxd1 Qc5+ 25. Kh1 Qxc4 26. Qg3 g6 27. f5 Bf7 28. Qg5 Be8 29. h3 Qxe4 30. Qe7 Bf7 31. Rd8 Qe1+ 32. Kh2 Qxe5+ 33. Qxe5 Rxd8 34. f6 Rc8 35. Qe3 Bxa2 36. Qxa7 Bf7 37. Qxb7 Re8 38. Qxc6 h6 39. h4 Re6 40. Qc8+ Re8 41. Qd7 Rf8 42. Kg3 Rb8 43. Kf4 Re8 44. g3 Re6 45. Qd8+ Re8 46. Qd4 Rc8 47. Qd7 Re8 48. g4 Re6 49. Qd4 Re8 50. Kg3 Rc8 51. Qf4 Kh7 52. h5 g5 53. Qf5+ Kg8 54. Qf3 Re8 1/2-1/2

[Event "Anna Chess Players Memorial"]
[Site "Anna"]
[Date "2014.09.01"]
[Round "7"]
[White "Ajrapetian, Nikita"]
[Black "Orekhov, Boris"]
[Result "0-1"]
[WhiteElo "1958"]
[BlackElo "1858"]
[PlyCount "74"]
[EventDate "2014.08.30"]
[EventType "swiss"]
[EventRounds "9"]
[EventCountry "RUS"]
[SourceTitle "EXT 2018"]
[Source "ChessBase"]
[SourceDate "2017.10.13"]
[SourceVersion "1"]
[SourceVersionDate "2017.10.13"]
[SourceQuality "1"]

1. d4 d5 2. Nf3 e6 3. c4 Nf6 4. Nc3 c6 5. Qc2 Nbd7 6. b3 Bd6 7. e3 0-0 8. Bd3 h6 9. 0-0 e5 10. dxe5 Nxe5 11. Nxe5 Bxe5 12. f4 Bc7 13. Bb2 d4 14. exd4 Ng4 15. Nd1 Re8 16. h3 Ne3 17. Nxe3 Rxe3 18. Qd2 Rg3 19. Rae1 Bxh3 20. Be4 f5 21. Bf3 Qh4 22. Bc1 g5 23. Qe2 g4 24. Qe6+ Kh8 25. d5 gxf3 26. Bb2+ Rg7 27. Bxg7+ Kxg7 28. Qe7+ Qxe7 29. Rxe7+ Kf6 30. Rxc7 Bxg2 31. Re1 cxd5 32. cxd5 Kg6 33. Re6+ Kh5 34. Rh7 Kg4 35. d6 Kxf4 36. Rhxh6 Rc8 37. Rh4+ Kg3 0-1

[Event "Anna Chess Players Memorial"]
[Site "Anna"]
[Date "2014.08.31"]
[Round "3"]
[White "Ajrapetian, Nikita"]
[Black "Kozlov, Gennady1111"]
[Result "1-0"]
[WhiteElo "1958"]
[BlackElo "1681"]
[PlyCount "101"]
[EventDate "2014.08.30"]
[EventType "swiss"]
[EventRounds "9"]
[EventCountry "RUS"]
[SourceTitle "EXT 2018"]
[Source "ChessBase"]
[SourceDate "2017.10.13"]
[SourceVersion "1"]
[SourceVersionDate "2017.10.13"]
[SourceQuality "1"]

1. e4 e6 2. d4 d5 3. e5 c6 4. f4 Ne7 5. Bd3 Nf5 6. Bxf5 exf5 7. Nf3 Be7 8. 0-0 Be6 9. b3 h6 10. Ba3 Nd7 11. Qd3 Nf8 12. c4 Ng6 13. g3 0-0 14. Bxe7 Qxe7 15. Nc3 Qd7 16. c5 Qe7 17. b4 Nh8 18. Nh4 g6 19. b5 f6 20. Rfe1 Qh7 21. Nf3 a6 22. a4 Qg7 23. exf6 Rxf6 24. bxc6 bxc6 25. Re2 g5 26. fxg5 hxg5 27. Rae1 Bf7 28. Re5 Bg6 29. Re7 Rf7 30. Re8+ Rxe8 31. Rxe8+ Rf8 32. Rxf8+ Qxf8 33. Ne5 Qc8 34. Qb1 Be8 35. Qb6 Nf7 36. Ne2 Nxe5 37. dxe5 Qe6 38. Qb2 f4 39. Qb8 fxg3 40. hxg3 Kf8 41. Qd6+ Qxd6 42. exd6 Kf7 43. Nd4 Bd7 44. Kf2 Kf6 45. Ke3 g4 46. Kf4 Kg6 47. Nc2 Bf5 48. Nb4 d4 49. Nxc6 d3 50. Ke3 Bd7 51. Nb4 1-0

[Event "Voronezh Zagorovsky Memorial"]
[Site "Voronezh"]
[Date "2014.07.09"]
[Round "8"]
[White "Ajrapetian, Nikita"]
[Black "Koshelev, Vladimir"]
[Result "0-1"]
[WhiteElo "1958"]
[BlackElo "1857"]
[PlyCount "100"]
[EventDate "2014.07.01"]
[EventType "swiss"]
[EventRounds "9"]
[EventCountry "RUS"]
[SourceTitle "CBM 161 Extra"]
[Source "ChessBase"]
[SourceDate "2014.08.29"]
[SourceVersion "1"]
[SourceVersionDate "2014.08.29"]
[SourceQuality "1"]

1. d4 Nf6 2. Nf3 e6 3. c4 c5 4. e3 b6 5. Nc3 Bb7 6. Be2 Be7 7. d5 d6 8. 0-0 0-0 9. e4 e5 10. h3 Bc8 11. a3 a6 12. b4 Nbd7 13. Be3 Qc7 14. Qd3 Nh5 15. g3 g6 16. Bh6 Ng7 17. Qe3 f5 18. Bxg7 Kxg7 19. Ng5 Bxg5 20. Qxg5 h6 21. Qd2 f4 22. Bg4 Rf6 23. Kg2 Nf8 24. Bxc8 Rxc8 25. b5 a5 26. f3 fxg3 27. Ne2 Qe7 28. Rae1 Nd7 29. Nxg3 Rcf8 30. Rf2 Rf4 31. Rg1 Qf7 32. Qe2 Nf6 33. Kf1 Kh7 34. Ke1 h5 35. Qe3 Nd7 36. Rgf1 Rh4 37. Rh2 Qf4 38. Qxf4 exf4 39. Nh1 Ne5 40. Ke2 Nxc4 41. Ra1 g5 42. Nf2 Ne5 43. Rg1 Kh6 44. Nd3 Nc4 45. Rhg2 Rg8 46. a4 Ne3 47. Rh2 c4 48. Ne1 g4 49. Ng2 Rxh3 50. Nxe3 Rxh2+ 0-1

[Event "Voronezh Zagorovsky Memorial"]
[Site "Voronezh"]
[Date "2014.07.02"]
[Round "2"]
[White "Shabunin, Danil"]
[Black "Ajrapetian, Nikita"]
[Result "0-1"]
[WhiteElo "1785"]
[BlackElo "1958"]
[PlyCount "58"]
[EventDate "2014.07.01"]
[EventType "swiss"]
[EventRounds "9"]
[EventCountry "RUS"]
[SourceTitle "CBM 161 Extra"]
[Source "ChessBase"]
[SourceDate "2014.08.29"]
[SourceVersion "1"]
[SourceVersionDate "2014.08.29"]
[SourceQuality "1"]

1. e4 c5 2. Nf3 d6 3. d4 cxd4 4. Nxd4 Nf6 5. Nc3 a6 6. Be3 e6 7. f3 Qc7 8. Qd2 Be7 9. 0-0-0 b5 10. g4 Bb7 11. g5 Nfd7 12. h4 Nc6 13. Nxc6 Qxc6 14. Ne2 e5 15. Nc3 Nb6 16. Bxb6 Qxb6 17. Bg2 0-0 18. f4 b4 19. Nd5 Bxd5 20. exd5 exf4 21. Qxf4 Rac8 22. Rde1 Rc7 23. Be4 Qc5 24. h5 f5 25. gxf6 Bxf6 26. Qd2 h6 27. Kb1 Bc3 28. bxc3 bxc3 29. Qd3 Qa3 0-1

[Event "Voronezh op-B 18th"]
[Site "Voronezh"]
[Date "2014.06.12"]
[Round "1"]
[White "Kuznetsov, Evgeny"]
[Black "Ajrapetian, Nikita"]
[Result "1-0"]
[WhiteElo "2193"]
[BlackElo "1925"]
[PlyCount "80"]
[EventDate "2014.06.12"]
[EventType "swiss"]
[EventRounds "9"]
[EventCountry "RUS"]
[SourceTitle "EXT 2015"]
[Source "ChessBase"]
[SourceDate "2014.11.20"]
[SourceVersion "1"]
[SourceVersionDate "2014.11.20"]
[SourceQuality "1"]

1. d4 Nf6 2. Nf3 e6 3. c4 Bb4+ 4. Bd2 Bxd2+ 5. Qxd2 d5 6. e3 0-0 7. Nc3 b6 8. Rc1 Ba6 9. b4 Bxc4 10. Bxc4 dxc4 11. Qe2 c5 12. dxc5 bxc5 13. bxc5 Qa5 14. Qxc4 Rc8 15. Qb5 Qa3 16. 0-0 Qxc5 17. Qxc5 Rxc5 18. Nd5 Na6 19. Nxf6+ gxf6 20. Rxc5 Nxc5 21. Rc1 Rb8 22. g4 Nd3 23. Rc3 Rb1+ 24. Kg2 Nb4 25. Rc8+ Kg7 26. a3 Nd5 27. Ra8 Rb7 28. Nd4 Nb6 29. Re8 Nc4 30. a4 Rb4 31. Re7 Rxa4 32. Nxe6+ Kg6 33. Nf4+ Kg7 34. Ne6+ Kg6 35. Nd4 Ne5 36. h3 h5 37. f4 Nc4 38. Kf3 Nd2+ 39. Kg3 Nf1+ 40. Kf2 Nd2 1-0

[Event "Borisoglebsk Bocharov Memorial"]
[Site "Borisoglebsk"]
[Date "2014.03.17"]
[Round "9"]
[White "Ajrapetian, Nikita"]
[Black "Skomorohov, Grigorij"]
[Result "0-1"]
[WhiteElo "1923"]
[BlackElo "2157"]
[PlyCount "48"]
[EventDate "2014.03.13"]
[EventType "swiss"]
[EventRounds "9"]
[EventCountry "RUS"]
[SourceTitle "CBM 159 Extra"]
[Source "ChessBase"]
[SourceDate "2014.04.24"]
[SourceVersion "1"]
[SourceVersionDate "2014.04.24"]
[SourceQuality "1"]

1. e4 c5 2. d4 cxd4 3. c3 Nf6 4. e5 Nd5 5. Qxd4 e6 6. Nf3 Nc6 7. Qe4 d6 8. Bd3 Bd7 9. 0-0 dxe5 10. Nxe5 Nf6 11. Qe2 Nxe5 12. Qxe5 Bc6 13. Bb5 Bd6 14. Bxc6+ bxc6 15. Qe2 Qc7 16. g3 0-0 17. Nd2 Rad8 18. Ne4 Nxe4 19. Qxe4 Be5 20. Be3 Rd5 21. Rfd1 Rfd8 22. Qc2 Qb7 23. c4 Qxb2 24. cxd5 Qxc2 0-1

[Event "Borisoglebsk Bocharov Memorial"]
[Site "Borisoglebsk"]
[Date "2014.03.16"]
[Round "8"]
[White "Kopovaya, Aleksandra"]
[Black "Ajrapetian, Nikita"]
[Result "0-1"]
[WhiteElo "1697"]
[BlackElo "1923"]
[PlyCount "96"]
[EventDate "2014.03.13"]
[EventType "swiss"]
[EventRounds "9"]
[EventCountry "RUS"]
[SourceTitle "CBM 159 Extra"]
[Source "ChessBase"]
[SourceDate "2014.04.24"]
[SourceVersion "1"]
[SourceVersionDate "2014.04.24"]
[SourceQuality "1"]

1. e4 c5 2. d4 cxd4 3. c3 dxc3 4. Nxc3 Nc6 5. Nf3 d6 6. Bc4 e6 7. 0-0 Be7 8. Qe2 Nf6 9. Rd1 Qc7 10. Nb5 Qb8 11. Bg5 a6 12. Bxf6 gxf6 13. Nbd4 Nxd4 14. Nxd4 b5 15. Bb3 Bd7 16. Rac1 Qb7 17. f4 Rg8 18. Rc2 Rc8 19. Rdc1 Rxc2 20. Rxc2 Qb6 21. Qf2 e5 22. fxe5 dxe5 23. Nc6 Qxf2+ 24. Kxf2 Bd6 25. Bd5 Kf8 26. Nd8 Rg7 27. Nxf7 Rxf7 28. Bxf7 Kxf7 29. h3 h5 30. Kf3 Ke6 31. g4 hxg4+ 32. Kxg4 f5+ 33. Kf3 fxe4+ 34. Kxe4 Be8 35. Rc8 Bg6+ 36. Ke3 Kd5 37. Rd8 a5 38. h4 a4 39. a3 Kc6 40. Rh8 Bc5+ 41. Ke2 Kd5 42. h5 Bf5 43. Rg8 Bd4 44. h6 Bxb2 45. Rb8 Kc4 46. Re8 Bd3+ 47. Ke3 Bc1+ 48. Kf2 Bxh6 0-1

[Event "Borisoglebsk Bocharov Memorial"]
[Site "Borisoglebsk"]
[Date "2014.03.14"]
[Round "4"]
[White "Pilkin, Evgenii"]
[Black "Ajrapetian, Nikita"]
[Result "1-0"]
[WhiteElo "2026"]
[BlackElo "1923"]
[PlyCount "107"]
[EventDate "2014.03.13"]
[EventType "swiss"]
[EventRounds "9"]
[EventCountry "RUS"]
[SourceTitle "CBM 159 Extra"]
[Source "ChessBase"]
[SourceDate "2014.04.24"]
[SourceVersion "1"]
[SourceVersionDate "2014.04.24"]
[SourceQuality "1"]

1. d4 Nf6 2. c4 e6 3. Nf3 d5 4. Bg5 Be7 5. e3 0-0 6. Bd3 b6 7. Nc3 Bb7 8. 0-0 Ne4 9. Bxe7 Qxe7 10. cxd5 exd5 11. Qb3 Nxc3 12. Qxc3 c5 13. dxc5 bxc5 14. Rac1 Nd7 15. Bb1 Rfd8 16. Qc2 g6 17. Qc3 Rac8 18. Rfd1 Qe6 19. Qb3 Qb6 20. Qxb6 axb6 21. a3 Kg7 22. Ba2 Nf8 23. Rd2 Ne6 24. h3 b5 25. Rcd1 c4 26. Nd4 Nxd4 27. Rxd4 f5 28. a4 Ra8 29. b3 c3 30. Rc1 Rdc8 31. Bb1 bxa4 32. bxa4 Rc5 33. Bc2 Bc6 34. Rb1 Kf6 35. Kf1 Ke6 36. Ke2 Rca5 37. Rbb4 Kd6 38. Kd3 Rc5 39. Bb3 Ra6 40. Kc2 Kc7 41. g3 Kd6 42. Rd3 Ra8 43. Rxc3 Rxc3+ 44. Kxc3 Kc5 45. Bd1 Ra7 46. Kb3 Rb7 47. Rxb7 Bxb7 48. Kc3 Ba6 49. h4 Bf1 50. h5 Ba6 51. g4 Bc8 52. gxf5 Bxf5 53. h6 g5 54. Be2 1-0

[Event "Voronezh Region-ch Seniors"]
[Site "Voronezh"]
[Date "2013.11.23"]
[Round "8"]
[White "Ajrapetian, Nikita"]
[Black "Lukovnikov, Alexander"]
[Result "0-1"]
[WhiteElo "1917"]
[BlackElo "2266"]
[PlyCount "80"]
[EventDate "2013.11.15"]
[EventType "swiss"]
[EventRounds "9"]
[EventCountry "RUS"]
[SourceTitle "EXT 2015"]
[Source "ChessBase"]
[SourceDate "2014.11.20"]
[SourceVersion "1"]
[SourceVersionDate "2014.11.20"]
[SourceQuality "1"]

1. e4 c5 2. Nf3 Nc6 3. d4 cxd4 4. Nxd4 Qb6 5. Nb3 Nf6 6. Nc3 e6 7. Be3 Qc7 8. a3 a6 9. Be2 Be7 10. 0-0 0-0 11. f4 d6 12. g4 d5 13. exd5 Nxd5 14. Nxd5 exd5 15. Qxd5 Bf6 16. g5 Bxb2 17. Ra2 Re8 18. Qc5 Qe7 19. Rxb2 Qxe3+ 20. Qxe3 Rxe3 21. Bd3 Bh3 22. Kf2 Rae8 23. Rg1 R3e7 24. Nc5 Na5 25. Rb4 Rc7 26. Ne4 Rd8 27. Rgb1 Bf5 28. Re1 Kf8 29. h4 b5 30. Reb1 Nc6 31. R4b2 Rd4 32. Kf3 Ra4 33. Re1 Rxa3 34. Nd6 Re7 35. Rxe7 Nxe7 36. Nxf5 Nxf5 37. Ke4 Nxh4 38. Rb1 Ra4+ 39. c4 bxc4 40. Bc2 Ra2 0-1

[Event "Zagorovsky Memorial op"]
[Site "Voronezh"]
[Date "2013.07.03"]
[Round "8"]
[White "Ajrapetian, Nikita"]
[Black "Avtsynov, Artyom"]
[Result "1/2-1/2"]
[WhiteElo "1922"]
[BlackElo "2049"]
[PlyCount "66"]
[EventDate "2013.06.25"]
[EventType "swiss"]
[EventRounds "9"]
[EventCountry "RUS"]
[SourceTitle "EXT 2014"]
[Source "ChessBase"]
[SourceDate "2013.11.20"]
[SourceVersion "1"]
[SourceVersionDate "2013.11.20"]
[SourceQuality "1"]

1. d4 Nf6 2. c4 g6 3. Nc3 Bg7 4. e4 0-0 5. f3 d6 6. Be3 Nc6 7. Nge2 a6 8. a4 e5 9. d5 Nb4 10. Nc1 a5 11. Nd3 Nd7 12. Nxb4 axb4 13. Na2 f5 14. Bd3 Nc5 15. 0-0 Nxa4 16. Qc2 Nc5 17. Nxb4 Rxa1 18. Rxa1 Qh4 19. Qf2 Qe7 20. Qe2 Bf6 21. Nc2 Bg5 22. b4 Bxe3+ 23. Nxe3 Nb3 24. Ra8 Nd4 25. Qf2 Qg5 26. Ra1 b6 27. Kh1 fxe4 28. Bxe4 Bf5 29. Nxf5 Nxf5 30. c5 bxc5 31. bxc5 Nd4 32. cxd6 cxd6 33. Qg3 Qe3 1/2-1/2

[Event "Voronezh op-B 17th"]
[Site "Voronezh"]
[Date "2013.06.20"]
[Round "9"]
[White "Ajrapetian, Nikita"]
[Black "Shabunin, Danil"]
[Result "0-1"]
[WhiteElo "1922"]
[BlackElo "1748"]
[PlyCount "44"]
[EventDate "2013.06.12"]
[EventType "swiss"]
[EventRounds "9"]
[EventCountry "RUS"]
[SourceTitle "EXT 2014"]
[Source "ChessBase"]
[SourceDate "2013.11.20"]
[SourceVersion "1"]
[SourceVersionDate "2013.11.20"]
[SourceQuality "1"]

1. d4 f5 2. g3 Nf6 3. Bg2 g6 4. Nd2 Bg7 5. e4 fxe4 6. Nxe4 Nxe4 7. Bxe4 d5 8. Bg2 0-0 9. Nf3 Nc6 10. Ne5 Bf5 11. c3 e6 12. Nxc6 bxc6 13. g4 Be4 14. f3 Qh4+ 15. Ke2 Rxf3 16. Bxf3 Bxf3+ 17. Kxf3 Rf8+ 18. Bf4 Rxf4+ 19. Kxf4 Qf2+ 20. Qf3 g5+ 21. Kxg5 Qxf3 22. Raf1 Bf6+ 0-1

[Event "Voronezh Winter"]
[Site "Voronezh"]
[Date "2013.01.24"]
[Round "6"]
[White "Soboleva, Anastasia"]
[Black "Ajrapetian, Nikita"]
[Result "1-0"]
[WhiteElo "1874"]
[BlackElo "1924"]
[PlyCount "103"]
[EventDate "2013.01.18"]
[EventType "tourn"]
[EventRounds "9"]
[EventCountry "RUS"]
[SourceTitle "EXT 2014"]
[Source "ChessBase"]
[SourceDate "2013.11.20"]
[SourceVersion "1"]
[SourceVersionDate "2013.11.20"]
[SourceQuality "1"]

1. Nf3 Nf6 2. d4 e6 3. c4 b6 4. Bg5 Bb7 5. a3 c5 6. e3 Be7 7. Nc3 cxd4 8. exd4 d5 9. cxd5 Nxd5 10. Bb5+ Bc6 11. Bxe7 Nxe7 12. Bxc6+ Nbxc6 13. 0-0 0-0 14. Rc1 Rc8 15. Re1 Qd7 16. Qa4 Rfd8 17. Red1 Nd5 18. h3 Qb7 19. Ne2 h6 20. Ne5 b5 21. Qb3 Na5 22. Qd3 Nc4 23. Rc2 Rc7 24. Rdc1 Rdc8 25. b4 Nd6 26. Rc5 Qa6 27. Ng3 Nc4 28. Nxc4 bxc4 29. R1xc4 Rxc5 30. dxc5 Nf4 31. Qb3 e5 32. b5 Qe6 33. Qc2 Qd5 34. Qe4 Rxc5 35. Qxd5 Rxd5 36. a4 Rd1+ 37. Kh2 Rd2 38. Nh1 Ra2 39. g3 Ne6 40. Kg2 Ra3 41. f3 Kf8 42. Nf2 Ke7 43. h4 Kd7 44. Ne4 f5 45. Nc5+ Nxc5 46. Rxc5 Rxa4 47. Rxe5 g6 48. Rc5 Rb4 49. Rc6 Rxb5 50. Rxg6 a5 51. Rxh6 Kc7 52. h5 1-0

[Event "Voronezh Winter"]
[Site "Voronezh"]
[Date "2013.01.23"]
[Round "5"]
[White "Zhurikhin, Alexander"]
[Black "Ajrapetian, Nikita"]
[Result "1-0"]
[WhiteElo "2244"]
[BlackElo "1924"]
[PlyCount "89"]
[EventDate "2013.01.18"]
[EventType "tourn"]
[EventRounds "9"]
[EventCountry "RUS"]
[SourceTitle "EXT 2014"]
[Source "ChessBase"]
[SourceDate "2013.11.20"]
[SourceVersion "1"]
[SourceVersionDate "2013.11.20"]
[SourceQuality "1"]

1. e4 e5 2. Nf3 d6 3. d4 Nd7 4. Bc4 c6 5. dxe5 dxe5 6. Ng5 Nh6 7. 0-0 Be7 8. Ne6 fxe6 9. Bxh6 0-0 10. Qg4 Bf6 11. Bxe6+ Kh8 12. Be3 Nb6 13. Nc3 Qe7 14. Bxc8 Raxc8 15. Rad1 Rcd8 16. Rxd8 Rxd8 17. Rd1 Nc4 18. Bc1 b5 19. b3 Nb6 20. Rxd8+ Qxd8 21. Qd1 Qc7 22. g3 h6 23. Be3 Nd7 24. Qh5 a6 25. Kg2 Qd8 26. Qf7 Qe7 27. Qxe7 Bxe7 28. f4 Kg8 29. Kf3 Kf7 30. Nd1 b4 31. Nb2 Bc5 32. Bxc5 Nxc5 33. Nd3 Nxd3 34. cxd3 Ke6 35. Ke3 c5 36. Kf3 g6 37. Kg4 Kf6 38. h3 a5 39. h4 h5+ 40. Kf3 Ke6 41. fxe5 Kxe5 42. Ke3 Ke6 43. d4 c4 44. bxc4 a4 45. Kd3 1-0

[Event "Voronezh Winter"]
[Site "Voronezh"]
[Date "2013.01.20"]
[Round "3"]
[White "Provkin, Vladimir"]
[Black "Ajrapetian, Nikita"]
[Result "1-0"]
[WhiteElo "2181"]
[BlackElo "1924"]
[PlyCount "49"]
[EventDate "2013.01.18"]
[EventType "tourn"]
[EventRounds "9"]
[EventCountry "RUS"]
[SourceTitle "EXT 2014"]
[Source "ChessBase"]
[SourceDate "2013.11.20"]
[SourceVersion "1"]
[SourceVersionDate "2013.11.20"]
[SourceQuality "1"]

1. d4 d5 2. Nf3 Nf6 3. c4 c6 4. Nc3 e6 5. Bg5 Be7 6. Qc2 Nbd7 7. e3 h6 8. Bf4 dxc4 9. Bxc4 Nb6 10. Be2 Nbd5 11. Be5 Nxc3 12. bxc3 b6 13. 0-0 Bb7 14. Rad1 0-0 15. c4 Qc8 16. e4 Rd8 17. Bxf6 Bxf6 18. e5 Be7 19. Qe4 c5 20. d5 exd5 21. cxd5 c4 22. Bxc4 Qc5 23. Rd4 Rac8 24. e6 f6 25. Bd3 1-0

[Event "Borisoglebsk Bocharov Memorial"]
[Site "Borisoglebsk"]
[Date "2012.04.01"]
[Round "9"]
[White "Ajrapetian, Nikita"]
[Black "Bryakin, Mikhail"]
[Result "0-1"]
[WhiteElo "2032"]
[BlackElo "2064"]
[PlyCount "70"]
[EventDate "2012.03.29"]
[EventType "swiss"]
[EventRounds "9"]
[EventCountry "RUS"]
[SourceTitle "EXT 2013"]
[Source "ChessBase"]
[SourceDate "2012.11.22"]
[SourceVersion "1"]
[SourceVersionDate "2012.11.22"]
[SourceQuality "1"]

1. d4 c5 2. d5 e5 3. e4 d6 4. Nf3 f5 5. Bb5+ Bd7 6. Bxd7+ Qxd7 7. exf5 Qxf5 8. Qe2 Be7 9. Nc3 Na6 10. Qb5+ Qd7 11. Qxd7+ Kxd7 12. a3 Nc7 13. Bg5 h6 14. Bxe7 Nxe7 15. 0-0-0 Ng6 16. Ne4 b5 17. b3 Rhf8 18. Rhe1 a5 19. c4 a4 20. b4 cxb4 21. c5 Na6 22. Nxd6 Nxc5 23. Nxb5 Rfb8 24. axb4 Nb3+ 25. Kb2 Rxb5 26. Nxe5+ Nxe5 27. Rxe5 Rxb4 28. Rde1 Nc5+ 29. Kc3 Rab8 30. Re7+ Kd6 31. Rxg7 Rb3+ 32. Kc2 Rb2+ 33. Kc3 R8b3+ 34. Kd4 Rd2+ 35. Kc4 Rc2+ 0-1

[Event "Borisoglebsk Bocharov Memorial"]
[Site "Borisoglebsk"]
[Date "2012.03.31"]
[Round "6"]
[White "Ajrapetian, Nikita"]
[Black "Skomorohov, Grigorij"]
[Result "0-1"]
[WhiteElo "2032"]
[BlackElo "2215"]
[PlyCount "60"]
[EventDate "2012.03.29"]
[EventType "swiss"]
[EventRounds "9"]
[EventCountry "RUS"]
[SourceTitle "EXT 2013"]
[Source "ChessBase"]
[SourceDate "2012.11.22"]
[SourceVersion "1"]
[SourceVersionDate "2012.11.22"]
[SourceQuality "1"]

1. d4 d5 2. c4 e6 3. Nc3 f5 4. cxd5 exd5 5. g3 Nf6 6. Bg5 Be7 7. Bxf6 Bxf6 8. Bg2 c6 9. e3 0-0 10. Qb3 Qb6 11. Qxb6 axb6 12. Nge2 b5 13. Nf4 Be7 14. 0-0 b4 15. Nce2 Nd7 16. Nc1 Nb6 17. Nb3 g6 18. Rfc1 Kg7 19. Nc5 Kf6 20. b3 Nd7 21. Rc2 Nxc5 22. dxc5 Bd7 23. Nd3 b6 24. Nxb4 bxc5 25. Nd3 Ra5 26. Nb2 Rb8 27. Bf1 Rxb3 28. Nd3 Rbb5 29. Rb2 c4 30. Nc1 Ke6 0-1